| 000 | 00000nam 2200000zi 4500 |
| 001 | 9.937012 |
| 003 | CaOODSP |
| 005 | 20240418121628 |
| 006 | m o d f |
| 007 | cr mn||||||||| |
| 008 | 240418s2021 quc o f000 0 eng d |
| 040 | |aCaOODSP|beng|erda|cCaOODSP |
| 043 | |an-cn--- |
| 045 | |ay1y1 |
| 086 | 1 |aEn4-449/2021-1E-PDF |
| 245 | 00|aAt a glance : |bhorizontal evaluation of the International Climate Change Cooperation (ICCC). |
| 264 | 1|a[Gatineau, Quebec] : |bEnvironment and Climate Change Canada = Environnement et changement climatique Canada, |c[2021] |
| 300 | |a1 online resource (4 pages) |
| 336 | |atext|btxt|2rdacontent |
| 337 | |acomputer|bc|2rdamedia |
| 338 | |aonline resource|bcr|2rdacarrier |
| 500 | |aIssued also in French under title: Regards sur l'évaluation : évaluation horizontale de la Coopération internationale en matière de changements climatiques. |
| 610 | 10|aCanada. |bEnvironment and Climate Change Canada|xEvaluation. |
| 650 | 0|aClimate change mitigation|xGovernment policy|zCanada|xEvaluation. |
| 650 | 0|aClimate change mitigation|xInternational cooperation|xEvaluation. |
| 710 | 1 |aCanada. |bEnvironment and Climate Change Canada. |bEvaluation Division, |eissuing body. |
| 775 | 08|tRegards sur l'évaluation : |w(CaOODSP)9.937013 |
| 856 | 40|qPDF|s190 KB|uhttps://publications.gc.ca/collections/collection_2024/eccc/en4/En4-449-2021-1-eng.pdf |
| 856 | 4 |qHTML|sN/A|uhttps://www.canada.ca/en/environment-climate-change/corporate/transparency/priorities-management/evaluations/summary-international-climate-change-cooperation.html |